Fazilet'in İstanbul asalakları BİT'ler (Record no. 1938)

MARC details
000 -BAŞLIK
Sabit Uzunlukta Kontrol Alanı 00704na a2200241 4500
001 - KONTROL NUMARASI
Denetim Alanı 16308
003 - KONTROL NUMARASI IDENTIFIER
Denetim Alanı MIRAKIL
005 - SON İŞLEM TARİHİ VE ZAMANI
Denetim Alanı 20181213154839.0
008 - SABİT-BOY VERİ ELEMANLARI - GENEL BİLGİLER
Sabit Uzunlukta Kontrol Alanı 161020b tu 000 0
035 ## - SİSTEM KONTROL NUMARASI
Sistem Kontrol Numarası 16308
040 ## - KATALOGLAMA KAYNAK
Orijinal Kataloglama Ajansı Milas
Kataloglama Dili tur
Metne Dönüştürmek Ajansı TR-AnCHP
041 ## - DİL KODU
Metin / Ses Parça Veya Ayrı Başlığın Dil Kodu tur
082 ## - DEWEY ONLU SINIFLANDIRMA NUMARASI
Sınıflandırma Numarası 364.1323
Ürün Numarası B74f 2001
090 ## - SINIFLAMA NUMARASI
Sınıflama Numarası 364.1323 B74f 2001
100 ## - ANA GİRİŞ - KİŞİSEL İSİM
Kişisel Ad Bölük, Mehmet
245 ## - BAŞLIK TABLOSU
Başlık Fazilet'in İstanbul asalakları BİT'ler
Sorumluluk Tablosu, Vb Mehmet Bölük
246 ## - UNVAN FORM VARYING
Başlık Doğru / Kısa Başlığı BİT'ler
260 ## - YAYIN, DAĞITIM, VB
Yayın, Dağıtım, Vb Yeri İstanbul
Yayıncı, Dağıtıcı, Vs Adı [yayl. y.]
Yayın, Dağıtım, Vb Tarihi 2001
Üretici Firma Aydoğan Matbaası
300 ## - FİZİKSEL TANIM
Kapsam 101 s.
Diğer Fiziksel Ayrıntıları res.
Boyutlar 21 sm.
650 ## - KONU KATMA GİRİŞ - TOPİKAL DÖNEM
Topikal Süreli Veya Coğrafi Ad Giriş Elemanı Yerel yönetimler
Genel Alt Bölümü Yolsuzluklar
Coğrafi Alt Bölümü İstanbul
651 ## - KONU KATMA GİRİŞ - COĞRAFİ ADI
Coğrafi İsim İstanbul Büyükşehir Belediyesi
Coğrafi Alt Bölümü Yolsuzluklar
942 ## - EKLENDİ GİRİŞ ELEMANLARI (KOHA)
Sınıflandırma Veya Raf Düzeni Kaynak
Koha Öğesi Türü Books
999 ## - SİSTEM KONTROL NUMARALARI (KOHA)
Koha Biblionumber 1938
Koha Biblioitemnumber 1938
Holdings
Kalıcı Konum Mevcut Konum Edinme Tarihi Edinim Kaynak Toplam Check-Out'Lar Tam Çağrı Numarası Barkod Tarih Son Görülme İtibaren Geçerli Fiyatlar Koha Öğesi Türü Kopya Sayısı
CHP Kütüphanesi CHP Kütüphanesi 02/07/2017 Bağış   364.1323 B74f 2001 002808 02/07/2017 02/07/2017 Books  
CHP Kütüphanesi CHP Kütüphanesi 10/02/2016 Bağış   364.1323 B74f 2001 004492 10/02/2016 10/02/2016 Books k.2